Нацистская Германия против Советского Союза: планирование войны (Запись № 11456031)

Подробности
000 -МАРКЕР
контрольное поле 02431nam0a2200361 i 4500
001 - ИДЕНТИФИКАТОР ЗАПИСИ
контрольное поле RU\NLR\BIBL_A\011107532
005 - ИДЕНТИФИКАТОР ВЕРСИИ
контрольное поле 20260607073306.0
010 ## - МЕЖДУНАРОДНЫЙ СТАНДАРТНЫЙ НОМЕР КНИГИ (ISBN)
Номер (ISBN) 9785995006121
Тираж 300
035 ## - ДРУГИЕ СИСТЕМНЫЕ НОМЕРА
Идентификатор записи (NLR Aleph) 011107532
100 ## - ДАННЫЕ ОБЩЕЙ ОБРАБОТКИ
Данные общей обработки 20160425d2015 k y0rusy50 ca
101 0# - ЯЗЫК РЕСУРСА
Язык текста, звукозаписи и т.д. русский
102 ## - СТРАНА ПУБЛИКАЦИИ ИЛИ ПРОИЗВОДСТВА
Страна публикации Российская Федерация
105 ## - ПОЛЕ КОДИРОВАННЫХ ДАННЫХ: ТЕКСТОВЫЕ МАТЕРИАЛЫ, МОНОГРАФИЧЕСКИЕ
Кодированные данные о монографическом текстовом документе ach z 011yy
200 1# - ЗАГЛАВИЕ И СВЕДЕНИЯ ОБ ОТВЕТСТВЕННОСТИ
Основное заглавие Нацистская Германия против Советского Союза: планирование войны
Первые сведения об ответственности [д.ист.н., проф. В.А. Золотарев, д.ист.н. В.Г. Кикнадзе, акад. РАН А.А. Кокошин ]
Последующие сведения об ответственности под общ. ред. В.А. Золотарева
-- Моск. гос. ун-т им. М.В. Ломоносова, Фак. мировой политики
210 ## - ПУБЛИКАЦИЯ, РАСПРОСТРАНЕНИЕ И ДР.
Место издания, распространения и т.д. Москва
Имя издателя, распространителя и т. д. Кучково поле
Дата издания, распространения и т.д. 2015
215 ## - ФИЗИЧЕСКАЯ ХАРАКТЕРИСТИКА
Специфическое обозначение материала и объем 316, [3] с., [12] л. ил., цв. ил., портр., факс.
Размеры 24
300 ## - ОБЩИЕ ПРИМЕЧАНИЯ
Текст примечания На обл.: 70 лет Победы в Великой Отечественной войне
300 ## - ОБЩИЕ ПРИМЕЧАНИЯ
Текст примечания На корешке: Целевой конкурс
320 ## - ПРИМЕЧАНИЯ О НАЛИЧИИ В ДОКУМЕНТЕ БИБЛИОГРАФИИ / УКАЗАТЕЛЯ
Текст примечания Библиогр. в конце кн. (314 назв.) и в подстроч. примеч.
606 1# - НАИМЕНОВАНИЕ ТЕМЫ КАК ПРЕДМЕТ
Наименование темы Вторая мировая война
Тематический подзаголовок Планы фашистской Германии
Хронологический подзаголовок 1939 - 1945
Системный номер авторитетной/нормативной записи 2419614
Идентификатор авторитетной/нормативной записи RU\NLR\AUTH\661441038
607 ## - ГЕОГРАФИЧЕСКОЕ НАИМЕНОВАНИЕ КАК ПРЕДМЕТ
Географическое наименование Германия
Тематический подзаголовок Внешняя политика
Хронологический подзаголовок 1933 - 1945
Системный номер авторитетной/нормативной записи 987243
Идентификатор авторитетной/нормативной записи RU\NLR\AUTH\6654351
686 1# - ИНДЕКСЫ ДРУГИХ КЛАССИФИКАЦИЙ
Индекс Ц35(0)62-2
686 1# - ИНДЕКСЫ ДРУГИХ КЛАССИФИКАЦИЙ
Индекс Т3(4Г)63-6
701 #1 - ИМЯ ЛИЦА - АЛЬТЕРНАТИВНАЯ ОТВЕТСТВЕННОСТЬ
Материалы, к которым относится поле rus
Графика поля Кириллица
Начальный элемент ввода Золотарев
Часть имени, кроме начального элемента ввода В. А.
Дополнения к именам, кроме дат д-р ист. наук, д-р юрид. наук
Даты 1946-
Расширение инициалов личного имени Владимир Антонович
Идентификатор авторитетной/нормативной записи RU\NLR\AUTH\774750
Системный номер авторитетной/нормативной записи 114727
701 #1 - ИМЯ ЛИЦА - АЛЬТЕРНАТИВНАЯ ОТВЕТСТВЕННОСТЬ
Начальный элемент ввода Кикнадзе
Часть имени, кроме начального элемента ввода В. Г.
Даты 1976-
Расширение инициалов личного имени Владимир Георгиевич
701 #1 - ИМЯ ЛИЦА - АЛЬТЕРНАТИВНАЯ ОТВЕТСТВЕННОСТЬ
Графика поля Кириллица
Материалы, к которым относится поле rus
Начальный элемент ввода Кокошин
Часть имени, кроме начального элемента ввода А. А.
Даты 1945 -
Расширение инициалов личного имени Андрей Афанасьевич
Системный номер авторитетной/нормативной записи 113780
Идентификатор авторитетной/нормативной записи RU\NLR\AUTH\773788
711 12 - НАИМЕНОВАНИЕ ОРГАНИЗАЦИИ - АЛЬТЕРНАТИВНАЯ ОТВЕТСТВЕННОСТЬ
Начальный элемент ввода "70 лет победы в Великой Отечественной войне", целевой конкурс проектов междисциплинарных исследований
Место проведения временной организации Москва
Дата проведения временной организации 2014
Системный номер авторитетной/нормативной записи 487292
Идентификатор авторитетной/нормативной записи RU\NLR\AUTH\880410852
712 02 - НАИМЕНОВАНИЕ ОРГАНИЗАЦИИ - ВТОРИЧНАЯ ОТВЕТСТВЕННОСТЬ
Код отношения Прочие
Начальный элемент ввода МГУ им. М. В. Ломоносова
Структурное подразделение Факультет мировой политики
Системный номер авторитетной/нормативной записи 640061
Идентификатор авторитетной/нормативной записи RU\NLR\AUTH\8810069241
942 ## - ДОПОЛНИТЕЛЬНЫЕ ЭЛЕМЕНТЫ ЗАПИСИ (АБИС)
Тип экземпляра АБИС Книга
980 ## - КОЛЛЕКЦИЯ
Название коллекции НБР

Нет доступных экземпляров.